Жизнь, необыкнов. и удивит. приключения Робинзона Крузо (Бичлэгийн дугаар. 136277)

MARC дэлгэрэнгүй
000 -Удирдлага
Ном зүйн бүртгэл тоо буюу кодлох утгыг агуулсан 00652nam a2200193Ia 4500
003 - ХЯНАЛТЫН ТОО ТОДОРХОЙЛОГЧ
Код MN-UlNLM
005 - ХАМГИЙН СҮҮЛИЙН ҮЕИЙН ХЭЛЦЛИЙН ОГНОО БА ЦАГ
Тухайн бичилтийг бичсэн засварласан сүүлийн огноо. 20210826175534.0
008 - ЕРӨНХИЙ МЭДЭЭЛЭЛ-ЭЛЕМЕНТҮҮДИЙН ӨГӨГДЛИЙН УРТ
fixed length control field 200508t1982||||rur|||||||||||||| ||rus||
040 ## - ЭХ СУРВАЛЖИЙГ ТОДОРХОЙЛОН БИЧИХ
Анхны каталогийн байгууллага Монгол Улсын Үндэсний номын сан
084 ## - БУСАД АНГИЛЛЫН ДУГААР
Анги 84.4Вл
Зохиогчийн 3-н тэмдэгт Д 393
Ангиллын нэр Номын сан номзүйн ангилал
Шинжлэх ухааны мэдлэгийн салбар Уран зохиол - 84
100 1# - ЗОХИОГЧИЙН ХЭСЭГ
Зохиогчийн нэр Дефо, Даниэль
245 0# - ҮНДСЭН ГАРЧИГ
Гарчиг Жизнь, необыкнов. и удивит. приключения Робинзона Крузо
Оролцогчдын тухай мэдээ Пер. с англ. М. А. Шишмаревой
260 1# - ГАРАЛТЫН ТУХАЙ МЭДЭЭ
Хэвлэгдсэн он 1982
Хэвлэгдсэн газар Ереван
Хэвлэлийн газар Луйс
300 ## - ТООНЫ МЭДЭЭ
Хуудасны тоо 246c
546 ## - ХЭЛНИЙ ТУХАЙ МЭДЭЭ
Хэл
653 ## - ТҮЛХҮҮР ҮГС
Түлхүүр үг Уран зохиол
942 ## - ЭЛЕМЕНТИЙН ТӨРӨЛ
Төрөл Ном
Захиалгууд
Буцаан татагдсан төлөв Хасагдсан шалтгаан Гэмтсэн төлөв Данс заагч Захиалах боломжгүй Үндсэн номын сан Одоогийн байршил Салбар танхим Сан хөмрөг 5 Бүртгэсэн огноо Бүрдүүлэлтийн эх үүсвэр Тавиурын заалт Баркод Үнэ Хамгийн сүүлд байсан огноо Нийт уншлаганд гарсан тоо Төрөл
          МУҮНомын сан салбар МУҮНомын сан салбар МУҮНС салбар | Өрнө дахин В1 давхар МУҮНС салбар | Өрнө дахин В1 давхар 2021-07-19 Худалдан авсан 13985 005020013985 8.50 2021-07-19   Ном